MARC

LEADER 00000nam0a2200000 4500
001 311835
005 20231102002426.0
020 |a RU  |b 82-39778 
035 |a (RuTPU)RU\TPU\book\337200 
090 |a 311835 
100 |a 20151212d1982 km y0rusy5003 ca 
101 0 |a rus 
102 |a RU 
105 |a a z 001zy 
200 1 |a Познай себя в творчестве. (Социологические проблемы труда молодежи)  |f И. Смирнов 
210 |a Москва  |c Молодая гвардия  |d 1982 
215 |a 175 с.  |c ил. 
320 |a Библиография в ссылках. 
606 1 |a Труд  |x Социально-психологические проблемы  |x Социологические проблемы  |2 stltpush  |3 (RuTPU)RU\TPU\subj\37985  |9 58725 
610 1 |a молодежь 
610 1 |a личность 
610 1 |a творчество 
610 1 |a право 
610 1 |a ответственность 
610 1 |a коллективные методы 
686 |a С55.44  |2 rubbk 
700 1 |a Смирнов  |b И. П.  |g Игорь Павлович  |4 070 
801 0 |a RU  |b RuMRKP  |c 19950704  |g psbo 
801 1 |a RU  |b 63413507  |c 20151212 
801 2 |a RU  |b 63413507  |c 20191107  |g RCR 
942 |c BK